| 000 | 01235nam0a22003371 4500 | ||
|---|---|---|---|
| 001 | rc\3575777 | ||
| 005 | 20250613085248.0 | ||
| 010 |
_bВ пер. _d1 р. 24 к. _93700 |
||
| 021 |
_aRU _b[72-73084] |
||
| 035 | _a(NLR Aleph) 009036135 | ||
| 090 |
_a9520954 _c9520954 |
||
| 100 | _a20130115d1972 |||y0rusy50 ca | ||
| 101 | 0 | _arus | |
| 102 | _aRU | ||
| 105 | _ay z ||||| | ||
| 200 | 1 |
_aБаланс трудовых ресурсов колхозов _e(вопросы методологии, методики и анализа) _fПасхавер И.С. |
|
| 210 |
_aМосква _c"Статистика" _d1972 |
||
| 215 |
_a255 с. _cграф. _d22 |
||
| 320 | _aСписок литературы: с. 253-254 | ||
| 606 | 1 |
_aТрудовые ресурсы колхозов _xБаланс _91102477 _3RU\NLR\AUTH\66114678 |
|
| 606 | 1 |
_aКолхозы _xТруд _xПланирование _91389498 _3RU\NLR\AUTH\66583964 |
|
| 686 | 1 | _aУ32(2)181-64-23 | |
| 686 | 1 | _aУ24(2)009 | |
| 700 | 1 |
_aПасхавер _bИ. С. _gИосиф Саулович |
|
| 801 | 0 |
_aRU _bNLR _gpsbo |
|
| 801 | 1 |
_aRU _bELAR _2rusmarc |
|
| 801 | 2 |
_aRU _bNLR _c20130618 _2rusmarc |
|
| 852 |
_aNLR _j72-3/8655 |
||
| 942 | _cBOOK | ||
| 980 | _aNB | ||